|
|
|
|
| LEADER |
01495nam a22003137a 4500 |
| 001 |
33375 |
| 003 |
BD-DhAAL |
| 005 |
20250624111519.0 |
| 008 |
180716t1991 bg |||| b||| 00| 0 eng d |
| 020 |
|
|
|a 9845123368
|
| 040 |
|
|
|a BD-DhAAL
|d BD-DhAAL
|
| 082 |
|
|
|a 338.1095414
|2 19
|
| 245 |
|
|
|a Two centuries of plant studies in Bangladesh and adjacent regions /
|c edited by A.K.M. Nurul Islam.
|
| 260 |
|
|
|a Dhaka, Bangladesh :
|b Asiatic Society of Bangladesh,
|c 1991.
|
| 300 |
|
|
|a 299 pages ;
|c 25 cm.
|
| 500 |
|
|
|a Papers and proceedings of a seminar held in 1989.
|
| 504 |
|
|
|a Includes bibliographical references
|
| 526 |
|
|
|a ARC
|
| 541 |
|
|
|a Department of Architecture
|e 33375
|
| 650 |
|
|
|a Agriculture
|x Research
|z Bangladesh
|x History.
|9 27416
|
| 650 |
|
|
|a Agriculture
|x Economic aspects
|z India
|z West Bengal.
|9 58529
|
| 650 |
|
|
|a Agriculture
|x Economic aspects
|z Bangladesh
|x History
|y 20th century.
|9 27417
|
| 650 |
|
|
|a Agriculture
|z Bangladesh
|x History
|y 20th century.
|9 27418
|
| 700 |
|
|
|a Nurual Islam, A. K. M.
|9 27419
|
| 710 |
|
|
|a Asiatic Society of Bangladesh.
|9 27420
|
| 852 |
|
|
|a Department of Architecture
|c General Stacks
|
| 942 |
|
|
|2 ddc
|c BK
|
| 999 |
|
|
|c 39802
|d 39802
|
| 952 |
|
|
|0 0
|1 1
|2 ddc
|4 0
|6 338_109541400000000_TWO
|7 0
|9 63835
|a ARC
|b ARC
|c GEN
|d 2018-07-16
|e Department of Architecture
|l 0
|o 338.1095414 TWO
|p 3010033375
|r 2018-07-16
|t 1
|w 2018-07-16
|y BK
|x lost from the ARC department library and approved by the Dean (reasons personal books withdrawn by Hasibul Kabir Sir and Building shifting)
|